[Event "Joacaba op 2nd"]
[Site "Joacaba"]
[Date "2023.07.02"]
[Round "5"]
[White "Trentini, Agata Papini"]
[Black "Santini, Luiz Miguel Zanella"]
[Result "0-1"]
[WhiteElo "1683"]
[BlackElo "1800"]
[PlyCount "48"]
[EventDate "2023.06.30"]
[EventType "swiss"]
[EventRounds "6"]
[EventCountry "BRA"]
[SourceTitle "CBM 215 Extra"]
[Source "ChessBase"]
[SourceDate "2023.09.30"]
[SourceVersion "1"]
[SourceVersionDate "2023.09.30"]
[SourceQuality "1"]

1. e4 e5 2. Nf3 Nc6 3. Nc3 Bc5 4. Bc4 Nf6 5. d3 0-0 6. Bg5 h6 7. Bh4 d6 8. h3 Bd7 9. 0-0 Qc8 10. Bxf6 gxf6 11. Nd5 Kg7 12. Nh4 Bxh3 13. Qf3 Bg4 14. Nxf6 Bxf3 15. Nxf3 Kxf6 16. Rad1 Nd4 17. Nxd4 Bxd4 18. c3 Bc5 19. d4 Bb6 20. Rd3 Ke7 21. dxe5 dxe5 22. Rfd1 Rg8 23. Rf3 Qg4 24. Rxf7+ Ke8 0-1